[Event "CYCC U08"]
[Site "Hamilton CAN"]
[Date "2022.07.08"]
[Round "2.5"]
[White "Zhu, Edison"]
[Black "Zhang, Kai"]
[Result "0-1"]
[WhiteElo "1204"]
[BlackElo "850"]
[PlyCount "86"]
[EventDate "2022.07.08"]
[EventType "swiss"]
[EventRounds "7"]
[EventCountry "CAN"]

1. e4 c5 2. d4 cxd4 3. c3 dxc3 4. Bc4 Nc6 5. Nxc3 e5 6. Nf3 Nf6 7. Ng5 Na5 8.
Nxf7 Qb6 9. Nxh8 Nxc4 10. b3 Bb4 11. Bd2 Nxd2 12. Kxd2 Nxe4+ 13. Kc1 Ba3+ 14.
Kc2 Qxf2+ 15. Qe2 Qxe2+ 16. Nxe2 Kf8 17. Nc3 Nf6 18. Rhe1 d6 19. Rad1 Kg8 20.
h3 Kxh8 21. Ne4 Bf5 22. Kd3 Nxe4 23. Rxe4 d5 24. Kc3 Bxe4 25. b4 a5 26. bxa5
Rxa5 27. Rf1 h6 28. g4 Rb5 29. h4 Bb2+ 30. Kd2 Rc5 31. g5 Rc2+ 32. Kd1 Rc1+ 33.
Ke2 Bd3+ 34. Kxd3 Rxf1 35. h5 hxg5 36. h6 g4 37. hxg7+ Kxg7 38. Ke2 Rf4 39. a4
g3 40. a5 g2 41. a6 g1=Q 42. axb7 Rf2+ 43. Kd3 Qg3# 0-1

[Event "CYCC U08"]
[Site "Hamilton CAN"]
[Date "2022.07.08"]
[Round "2.6"]
[White "Jia, Jasper"]
[Black "Yang, Albert"]
[Result "0-1"]
[WhiteElo "541"]
[BlackElo "1149"]
[PlyCount "78"]
[EventDate "2022.07.08"]
[EventType "swiss"]
[EventRounds "7"]
[EventCountry "CAN"]

1. e4 e6 2. d4 d5 3. exd5 exd5 4. Nc3 Nf6 5. Nf3 Bg4 6. h3 Bh5 7. Be2 c5 8. Bf4
Nc6 9. Nb5 Rc8 10. Qd3 a6 11. Qe3+ Ne4 12. Nc3 cxd4 13. Nxd4 Nxd4 14. Qxd4 Nxc3
15. Qe3+ Qe7 16. bxc3 Qxe3 17. Bxe3 Bxe2 18. Kxe2 Rxc3 19. Kd2 Rc7 20. Bf4 Rc4
21. Rae1+ Kd7 22. Rb1 Rxf4 23. Ke3 Re4+ 24. Kd3 Kc6 25. f3 Rc4 26. Rb3 b5 27.
Rhb1 Bc5 28. g4 Re8 29. Kd2 Rd4+ 30. Rd3 Rxd3+ 31. cxd3 a5 32. Kc3 Bb4+ 33. Kd4
Re2 34. Rd1 Bc5+ 35. Kc3 b4+ 36. Kb3 Kb5 37. a4+ bxa3 38. Rb1 d4 39. f4 a4# 0-1

[Event "CYCC U08"]
[Site "Hamilton CAN"]
[Date "2022.07.08"]
[Round "2.7"]
[White "Li, Oliver"]
[Black "Yang, Andrew"]
[Result "1-0"]
[WhiteElo "1146"]
[BlackElo "748"]
[PlyCount "59"]
[EventDate "2022.07.08"]
[EventType "swiss"]
[EventRounds "7"]
[EventCountry "CAN"]

1. d4 d5 2. c4 e5 3. dxe5 d4 4. Nf3 Nc6 5. e4 Bb4+ 6. Nbd2 Bxd2+ 7. Bxd2 Bg4 8.
Be2 Bxf3 9. Bxf3 Nxe5 10. b3 d3 11. Bc3 Nxf3+ 12. Qxf3 Nf6 13. O-O-O O-O 14.
Rxd3 Qe7 15. Qg3 Nh5 16. Qg4 Nf6 17. Qg5 h6 18. Qg3 Nh5 19. Qh3 Qa3+ 20. Bb2
Qc5 21. Rd5 Qxf2 22. Rxh5 Qf4+ 23. Kb1 Qxe4+ 24. Ka1 Rfe8 25. Qg3 f6 26. Bxf6
g6 27. Rxh6 Kf7 28. Rf1 Re6 29. Qxc7+ Kg8 30. Rh8# 1-0

[Event "CYCC U08"]
[Site "Hamilton CAN"]
[Date "2022.07.09"]
[Round "3.1"]
[White "Wang, Lucas"]
[Black "Mutyalapati, Modith Aaroh"]
[Result "0-1"]
[WhiteElo "1301"]
[BlackElo "1688"]
[PlyCount "132"]
[EventDate "2022.07.08"]
[EventType "swiss"]
[EventRounds "7"]
[EventCountry "CAN"]

1. d4 d5 2. Bf4 Nf6 3. e3 c5 4. c3 Nc6 5. Nd2 Bf5 6. Qb3 Qb6 7. dxc5 Qxb3 8.
axb3 e5 9. Bg3 Bxc5 10. Ngf3 Bd6 11. Bb5 Nd7 12. O-O a6 13. Bxc6 bxc6 14. Rfe1
O-O 15. e4 dxe4 16. Nxe4 Bxe4 17. Rxe4 Nc5 18. Rc4 Nxb3 19. Rd1 Rfd8 20. Rxc6
Bc5 21. Re1 f6 22. h3 a5 23. Nh4 Rd2 24. Nf5 Rad8 25. Kh2 Bxf2 26. Re4 Bxg3+
27. Kxg3 R2d3+ 28. Kh4 R3d7 29. Rg4 Kh8 30. Rb6 Nc5 31. Rb5 Ne6 32. Rxa5 Rd3
33. Ra6 Ng5 34. c4 e4 35. Ng3 e3 36. c5 R3d5 37. Rc4 Nf7 38. Re6 g5+ 39. Kg4
Ne5+ 40. Rxe5 Rxe5 41. Ne2 Rc8 42. b4 Kg7 43. c6 Kf7 44. Rc2 Ke6 45. b5 Kd6 46.
Nd4 Re4+ 47. Kf3 Rxd4 48. Kxe3 Rb4 49. Rd2+ Ke6 50. Kf3 Rxb5 51. Rd7 Rxc6 52.
Rxh7 Rc4 53. Kg3 Rb3+ 54. Kh2 Rc2 55. Rh8 Rbb2 56. Re8+ Kf5 57. Kh1 Rxg2 58.
Rc8 Rgc2 59. Rxc2 Rxc2 60. Kg1 Kf4 61. Kf1 Ke3 62. Kg1 f5 63. Kf1 f4 64. Kg1 f3
65. Kh1 f2 66. h4 f1=R# 0-1

[Event "CYCC U08"]
[Site "Hamilton CAN"]
[Date "2022.07.09"]
[Round "3.2"]
[White "Xu, Ryan"]
[Black "Yang, Albert"]
[Result "1-0"]
[WhiteElo "1565"]
[BlackElo "1149"]
[PlyCount "37"]
[EventDate "2022.07.08"]
[EventType "swiss"]
[EventRounds "7"]
[EventCountry "CAN"]

1. d4 d5 2. c4 c6 3. Nf3 Nf6 4. Nc3 e6 5. Bg5 dxc4 6. e4 h6 7. Bxf6 gxf6 8.
Bxc4 c5 9. d5 exd5 10. Bxd5 Nd7 11. O-O Ne5 12. Nxe5 fxe5 13. Bxf7+ Ke7 14. Qh5
Qd6 15. Rad1 Qb8 16. Nd5+ Kd7 17. Nb6+ Ke7 18. Nxa8 Rh7 19. Bg6 1-0

[Event "CYCC U08"]
[Site "Hamilton CAN"]
[Date "2022.07.09"]
[Round "3.3"]
[White "Narula, Japveer"]
[Black "Li, Oliver"]
[Result "1-0"]
[WhiteElo "1326"]
[BlackElo "1146"]
[PlyCount "127"]
[EventDate "2022.07.08"]
[EventType "swiss"]
[EventRounds "7"]
[EventCountry "CAN"]

1. e4 c5 2. Nf3 d6 3. d4 cxd4 4. Nxd4 Nf6 5. Nc3 a6 6. Be3 e6 7. Be2 b5 8. a3
Bb7 9. f3 Be7 10. O-O O-O 11. Qd2 Re8 12. Rad1 Nbd7 13. Rfe1 Rc8 14. Na2 Ne5
15. Nb4 d5 16. f4 Nxe4 17. Qd3 Nxd3 18. Bxd3 Bh4 19. g3 Bxg3 20. hxg3 Nxg3 21.
Bf2 Qh4 22. Kg2 Qxf4 23. Bxg3 Qxd4 24. Bxh7+ Kxh7 25. Rxd4 f6 26. c3 e5 27. Rd3
d4+ 28. Kf2 dxc3 29. Rxc3 Rxc3 30. bxc3 e4 31. Re3 f5 32. Bf4 Kg6 33. Rg3+ Kf6
34. Ke3 Rd8 35. Ke2 a5 36. Nc2 Ba6 37. Kf2 Rc8 38. Nd4 b4 39. cxb4 axb4 40.
axb4 Rc4 41. Be3 f4 42. Rg4 fxe3+ 43. Kxe3 Rxb4 44. Rxe4 g5 45. Re6+ Kf7 46.
Rxa6 Rb8 47. Ke4 g4 48. Ra3 Rg8 49. Nf5 Kf6 50. Ra6+ Kg5 51. Ra5 Kf6 52. Kf4
Ke6 53. Re5+ Kf6 54. Rd5 Rg5 55. Rd6+ Kf7 56. Kxg5 g3 57. Nxg3 Ke7 58. Nf5+ Kf7
59. Ng7 Kxg7 60. Rd7+ Kg8 61. Kg6 Kf8 62. Kf6 Ke8 63. Rd6 Kf8 64. Rd8# 1-0

[Event "CYCC U08"]
[Site "Hamilton CAN"]
[Date "2022.07.09"]
[Round "3.4"]
[White "Zhang, Kai"]
[Black "Zhang, Finley"]
[Result "1-0"]
[WhiteElo "850"]
[BlackElo "953"]
[PlyCount "61"]
[EventDate "2022.07.08"]
[EventType "swiss"]
[EventRounds "7"]
[EventCountry "CAN"]

1. e4 d5 2. exd5 Qxd5 3. Nc3 Qa5 4. d4 c6 5. Nf3 Bf5 6. Bc4 e6 7. O-O Bb4 8.
Bd2 Nf6 9. a3 Bd6 10. Nb5 Qd8 11. Nxd6+ Qxd6 12. Bb4 Qc7 13. a4 Nbd7 14. Re1 c5
15. dxc5 Rd8 16. Nd4 O-O 17. c6 Nb6 18. Bxf8 Nxc4 19. Be7 Qxe7 20. Nxf5 Qf8 21.
Qe2 exf5 22. Qxc4 bxc6 23. Qxc6 Qb4 24. Rad1 Rb8 25. h3 h6 26. Qd6 Qxb2 27. Rb1
Qxb1 28. Rxb1 Rxb1+ 29. Kh2 Ne4 30. Qc6 Nxf2 31. Qc8+ 1-0

[Event "CYCC U08"]
[Site "Hamilton CAN"]
[Date "2022.07.09"]
[Round "3.6"]
[White "Jia, Jasper"]
[Black "Zhu, Edison"]
[Result "0-1"]
[WhiteElo "541"]
[BlackElo "1204"]
[PlyCount "115"]
[EventDate "2022.07.08"]
[EventType "swiss"]
[EventRounds "7"]
[EventCountry "CAN"]

1. e4 e5 2. Nf3 Nf6 3. Nc3 Nc6 4. Bc4 Nxe4 5. Nxe4 d5 6. Bxd5 Qxd5 7. Nc3 Qd8
8. O-O Bc5 9. Ne4 Be7 10. c3 O-O 11. d4 Bf5 12. Ng3 Bg4 13. dxe5 Qxd1 14. Rxd1
Nxe5 15. Re1 Bxf3 16. Rxe5 Bf6 17. Rf5 Bc6 18. Nh5 Rfe8 19. Bf4 Re6 20. Nxf6+
Rxf6 21. Rxf6 gxf6 22. Bxc7 Re8 23. Bg3 Re2 24. b3 b5 25. Bh4 Kg7 26. Kf1 Rc2
27. c4 bxc4 28. bxc4 Rxc4 29. g3 Bb5 30. Ke1 Rc2 31. Rb1 a6 32. Ra1 Re2+ 33.
Kd1 Rxf2 34. Kc1 Rxh2 35. a4 Rh1+ 36. Kb2 Rxa1 37. Kxa1 Bxa4 38. Kb2 f5 39. Ka3
Bb5 40. Kb4 Kg6 41. Ka5 Kh5 42. Be7 Kg4 43. Bd6 h5 44. Bc7 h4 45. gxh4 Kxh4 46.
Bb8 Kg4 47. Bc7 f4 48. Bxf4 Kxf4 49. Kb6 Kg3 50. Ka5 f5 51. Kb6 f4 52. Ka5 f3
53. Kb6 f2 54. Ka5 f1=Q 55. Kb6 Qc1 56. Ka5 Ba4 57. Kb6 Qc6+ 58. Ka7 0-1

[Event "CYCC U08"]
[Site "Hamilton CAN"]
[Date "2022.07.09"]
[Round "3.7"]
[White "Kwan, Cameron"]
[Black "Deng, Jeffrey"]
[Result "1-0"]
[WhiteElo "1127"]
[BlackElo "431"]
[PlyCount "91"]
[EventDate "2022.07.08"]
[EventType "swiss"]
[EventRounds "7"]
[EventCountry "CAN"]

1. e4 e5 2. Nf3 Nc6 3. Bc4 Be7 4. c3 Nf6 5. d3 O-O 6. O-O d6 7. Re1 Bg4 8. Nbd2
Re8 9. Nf1 Nd7 10. h3 Bh5 11. Ng3 Bg6 12. d4 exd4 13. cxd4 Nb6 14. Bb3 Bf6 15.
Bf4 Nd7 16. Rc1 Rb8 17. Qd2 Re7 18. Re2 Qf8 19. Rce1 Rbe8 20. Bd5 h6 21. Rc1
Nb6 22. Bxc6 bxc6 23. Rxc6 Bxe4 24. Nxe4 Rxe4 25. Rxe4 Rxe4 26. Be3 Qd8 27. Qc2
Re7 28. Nd2 Nd5 29. Ne4 Nb4 30. Nxf6+ gxf6 31. Qc3 Nxc6 32. Qxc6 Qd7 33. Qf3
Qe6 34. Qg3+ Kh7 35. Qh4 f5 36. d5 Qd7 37. Qxh6+ Kg8 38. Qg5+ Kh7 39. Qh5+ Kg7
40. Qg5+ Kh7 41. Qh6+ Kg8 42. Bg5 Re8 43. Bf6 Re1+ 44. Kh2 Rh1+ 45. Kxh1 Qe6
46. Qg7# 1-0

[Event "CYCC U08"]
[Site "Hamilton CAN"]
[Date "2022.07.09"]
[Round "3.10"]
[White "Xu, Samuel"]
[Black "Banerjee, Evan"]
[Result "0-1"]
[WhiteElo "266"]
[BlackElo "849"]
[PlyCount "31"]
[EventDate "2022.07.08"]
[EventType "swiss"]
[EventRounds "7"]
[EventCountry "CAN"]

1. e4 e5 2. Nf3 Nc6 3. Bb5 Nf6 4. Nc3 Bb4 5. a3 Bxc3 6. dxc3 d6 7. Bxc6+ bxc6
8. O-O Nxe4 9. Re1 Nf6 10. Bg5 O-O 11. Qd3 h6 12. Bxf6 Qxf6 13. Red1 Bf5 14.
Qa6 Bxc2 15. Rdc1 Bf5 16. Qxc6 0-1

[Event "CYCC U08"]
[Site "Hamilton CAN"]
[Date "2022.07.09"]
[Round "4.1"]
[White "Mutyalapati, Modith Aaroh"]
[Black "Zhang, Kai"]
[Result "1-0"]
[WhiteElo "1688"]
[BlackElo "850"]
[PlyCount "65"]
[EventDate "2022.07.08"]
[EventType "swiss"]
[EventRounds "7"]
[EventCountry "CAN"]

1. e4 c5 2. Nf3 Nc6 3. d4 cxd4 4. Nxd4 Nf6 5. Nc3 e5 6. Ndb5 d6 7. Nd5 Nxd5 8.
exd5 a6 9. dxc6 axb5 10. cxb7 Bxb7 11. Bxb5+ Ke7 12. O-O Qb6 13. Bc4 Qc6 14.
Qg4 h5 15. Qh4+ f6 16. f3 g5 17. Bxg5 d5 18. Bxd5 Qb6+ 19. Kh1 Bxd5 20. Bd2
Qxb2 21. Rab1 Qxc2 22. Rb6 Bg7 23. Qb4+ Kf7 24. Rc1 Qxa2 25. Qd6 Rhc8 26. Qd7+
Kg6 27. Rxc8 Qxd2 28. Rb1 Ra2 29. Rg1 Qxg2+ 30. Rxg2+ Rxg2 31. Kxg2 e4 32. fxe4
Bxe4+ 33. Kg3 1-0

[Event "CYCC U08"]
[Site "Hamilton CAN"]
[Date "2022.07.09"]
[Round "4.2"]
[White "Narula, Japveer"]
[Black "Xu, Ryan"]
[Result "0-1"]
[WhiteElo "1326"]
[BlackElo "1565"]
[PlyCount "64"]
[EventDate "2022.07.08"]
[EventType "swiss"]
[EventRounds "7"]
[EventCountry "CAN"]

1. e4 c5 2. Nf3 d6 3. d4 cxd4 4. Nxd4 Nf6 5. Nc3 a6 6. Be3 e5 7. Be2 exd4 8.
Bxd4 Be7 9. O-O O-O 10. Qd2 Nc6 11. Be3 Be6 12. Rad1 Ne5 13. f4 Nc4 14. Bxc4
Bxc4 15. Ne2 Nxe4 16. Qd4 Bxe2 17. Qxe4 Bxf1 18. Rxf1 d5 19. Qf3 d4 20. Bd2 Bc5
21. Kh1 Qc7 22. c3 Qc6 23. Qg3 Qg6 24. Qf3 d3 25. Qxb7 Rab8 26. Qxa6 Qxa6 27.
a3 Rxb2 28. Bc1 d2 29. Rg1 Bxg1 30. Bxd2 Qf1 31. h3 Bf2+ 32. Kh2 Qg1# 0-1

[Event "CYCC U08"]
[Site "Hamilton CAN"]
[Date "2022.07.09"]
[Round "4.4"]
[White "Banerjee, Evan"]
[Black "Wang, Lucas"]
[Result "0-1"]
[WhiteElo "849"]
[BlackElo "1301"]
[PlyCount "39"]
[EventDate "2022.07.08"]
[EventType "swiss"]
[EventRounds "7"]
[EventCountry "CAN"]

1. e4 c5 2. Nf3 Nc6 3. d4 cxd4 4. Nxd4 Nf6 5. Nc3 e5 6. Nxc6 bxc6 7. Bc4 Bb4 8.
Bg5 h6 9. Bd2 O-O 10. O-O d5 11. exd5 cxd5 12. Bb5 Bg4 13. Qe1 Qd6 14. h3 Bf5
15. Bd3 d4 16. Ne4 Nxe4 17. Bxb4 Qg6 18. g4 Rfc8 19. Kh2 Be6 20. f3 {unreadable
} 0-1

[Event "CYCC U08"]
[Site "Hamilton CAN"]
[Date "2022.07.09"]
[Round "4.5"]
[White "Yang, Albert"]
[Black "Ni, Harrison"]
[Result "1-0"]
[WhiteElo "1149"]
[BlackElo "946"]
[PlyCount "113"]
[EventDate "2022.07.08"]
[EventType "swiss"]
[EventRounds "7"]
[EventCountry "CAN"]

1. d4 d5 2. c4 c6 3. Nc3 Nf6 4. Nf3 Bg4 5. e3 e6 6. Be2 Bb4 7. a3 Bxc3+ 8. bxc3
Nbd7 9. O-O O-O 10. cxd5 exd5 11. Re1 Ne4 12. Bb2 Qf6 13. c4 Bxf3 14. Bxf3 Ng5
15. Be2 Ne4 16. Rf1 Nd6 17. cxd5 cxd5 18. Rc1 Ne4 19. f3 Ng5 20. e4 dxe4 21.
fxe4 Qb6 22. Qc2 Rac8 23. Qxc8 Rxc8 24. Rxc8+ Nf8 25. Bc4 Qxb2 26. h4 Qxd4+ 27.
Kh1 Qd7 28. Ra8 Qc7 29. Bd5 b5 30. hxg5 h6 31. gxh6 gxh6 32. Rxf7 Qxf7 33.
Bxf7+ Kxf7 34. Rxa7+ Ke6 35. Ra6+ Ke5 36. Rxh6 Kxe4 37. Rb6 Nd7 38. Rxb5 Kd4
39. a4 Kc4 40. Rb1 Nc5 41. Ra1 Ne4 42. a5 Nc5 43. a6 Nxa6 44. Rxa6 Kd4 45. g4
Ke3 46. g5 Kf2 47. g6 Kf1 48. g7 Kf2 49. g8=Q Kf3 50. Qf8+ Ke4 51. Re6+ Kd5 52.
Qd6+ Kc4 53. Qc6+ Kd4 54. Re4+ Kd3 55. Qc4+ Kd2 56. Re2+ Kd1 57. Qc2# 1-0

[Event "CYCC U08"]
[Site "Hamilton CAN"]
[Date "2022.07.09"]
[Round "4.7"]
[White "Zheng, Kingsley"]
[Black "Kwan, Cameron"]
[Result "0-1"]
[WhiteElo "687"]
[BlackElo "1127"]
[PlyCount "116"]
[EventDate "2022.07.08"]
[EventType "swiss"]
[EventRounds "7"]
[EventCountry "CAN"]

1. e4 c5 2. Nf3 d6 3. d4 cxd4 4. Nxd4 Nf6 5. Nc3 a6 6. Bc4 e6 7. O-O Be7 8. Re1
O-O 9. Qf3 Re8 10. Qg3 Nbd7 11. Bh6 g6 12. Rad1 b5 13. Bb3 Bb7 14. f3 Nc5 15.
Rf1 b4 16. Nce2 e5 17. Nf5 Nh5 18. Qh3 Rc8 19. Neg3 Nf4 20. Qg4 Nxb3 21. cxb3
d5 22. Ne3 d4 23. Bxf4 exf4 24. Qxf4 Bg5 25. Qg4 Bxe3+ 26. Kh1 Rc2 27. Nf5 Bc8
28. Nh6+ Kg7 29. Nf5+ Kh8 30. Rfe1 gxf5 31. exf5 Rg8 32. Qh5 Rgxg2 33. Rxe3 Qg8
34. Ree1 Bxf5 35. Rg1 Qg6 36. Qh4 Rxh2+ 37. Qxh2 Rxh2+ 38. Kxh2 Qh5+ 39. Kg2
Bh3+ 40. Kf2 Qh4+ 41. Ke2 Qe7+ 42. Kf2 Qd6 43. Rh1 Bf5 44. Rh4 d3 45. Rc4 Qh2+
46. Ke3 Qe2+ 47. Kf4 Qxd1 48. Kxf5 Qxf3+ 49. Ke5 d2 50. Rd4 d1=Q 51. Rxd1 Qxd1
52. Kf6 Qd5 53. Ke7 Kg7 54. Ke8 Qd6 55. a3 bxa3 56. bxa3 f5 57. b4 Kf6 58. b5
Qe7# 0-1

[Event "CYCC U08"]
[Site "Hamilton CAN"]
[Date "2022.07.10"]
[Round "5.1"]
[White "Xu, Ryan"]
[Black "Mutyalapati, Modith Aaroh"]
[Result "1-0"]
[WhiteElo "1565"]
[BlackElo "1688"]
[PlyCount "110"]
[EventDate "2022.07.08"]
[EventType "swiss"]
[EventRounds "7"]
[EventCountry "CAN"]

1. d4 Nf6 2. c4 c5 3. d5 e6 4. Nc3 exd5 5. cxd5 d6 6. e4 g6 7. Nf3 Bg7 8. h3
O-O 9. Bd3 Bd7 10. O-O a6 11. a4 Re8 12. Bf4 c4 13. Bc2 Qb6 14. Rb1 h6 15. Qe2
g5 16. Bh2 g4 17. hxg4 Bxg4 18. Qxc4 Nbd7 19. Qd3 Bxf3 20. Qxf3 Ne5 21. Bxe5
Rxe5 22. Rfe1 Rae8 23. Qe3 Qd8 24. Rbd1 Qd7 25. a5 Qe7 26. Ba4 Rc8 27. f4 Rh5
28. Qg3 Rc4 29. Bc2 Nd7 30. Ba4 Nc5 31. Bc2 Kh8 32. Qg4 Rh4 33. Qc8+ Bf8 34. g3
Nd3 35. Qxc4 Nxb2 36. Qd4+ Bg7 37. Qe3 Nxd1 38. Rxd1 Rg4 39. Kg2 Qc7 40. Rd3 h5
41. Bd1 Rg6 42. Bxh5 Rh6 43. Bg4 Qxa5 44. Qd2 b5 45. Ne2 b4 46. Qc2 Qc5 47.
Qxc5 dxc5 48. d6 c4 49. d7 Bf6 50. Rd6 c3 51. Rxf6 Rxf6 52. d8=Q+ Kh7 53. Qxf6
c2 54. Qxf7+ Kh8 55. Bf5 b3 1-0

[Event "CYCC U08"]
[Site "Hamilton CAN"]
[Date "2022.07.10"]
[Round "5.2"]
[White "Kwan, Cameron"]
[Black "Narula, Japveer"]
[Result "0-1"]
[WhiteElo "1127"]
[BlackElo "1326"]
[PlyCount "136"]
[EventDate "2022.07.08"]
[EventType "swiss"]
[EventRounds "7"]
[EventCountry "CAN"]

1. e4 e5 2. Nf3 Nc6 3. Bc4 Bc5 4. c3 Nf6 5. d3 O-O 6. Nbd2 d6 7. O-O Be6 8.
Bxe6 fxe6 9. b4 Bb6 10. Qb3 Qd7 11. Nc4 Rf7 12. a4 a5 13. Nxb6 cxb6 14. b5 Ne7
15. Be3 Ng6 16. Bxb6 Raf8 17. Ng5 Re7 18. Rfe1 h6 19. Nf3 Ref7 20. d4 exd4 21.
cxd4 Nh5 22. Rad1 Nhf4 23. e5 d5 24. Rc1 Nxg2 25. Kxg2 Rxf3 26. Qc2 Qf7 27. Rf1
Nh4+ 28. Kh1 Qf4 29. Bc5 Rh3 30. f3 Nxf3 31. Rxf3 Qxf3+ 32. Qg2 Rc8 33. Qxf3
Rxf3 34. Kg2 Rd3 35. Rf1 b6 36. Bxb6 Rc2+ 37. Rf2 Rxf2+ 38. Kxf2 Ra3 39. Bxa5
Rxa4 40. Bb6 Rb4 41. h4 Rxb5 42. Bc5 Kf7 43. Kg3 Kg6 44. Kg4 Rb3 45. h5+ Kf7
46. Kf4 Ke8 47. Kg4 Kd7 48. Bf8 Rd3 49. Bc5 Kc6 50. Kf4 Kb5 51. Kg4 Kc4 52. Kf4
Rxd4+ 53. Bxd4 Kxd4 54. Kf3 Kc3 55. Ke3 d4+ 56. Kf3 d3 57. Ke3 d2 58. Ke2 Kc2
59. Kf3 d1=Q+ 60. Kf4 Qd5 61. Kg4 Qxe5 62. Kh4 Qf4+ 63. Kh3 Qg5 64. Kh2 Qg4 65.
Kh1 Kd3 66. Kh2 Ke3 67. Kh1 Kf3 68. Kh2 Qg2# 0-1

[Event "CYCC U08"]
[Site "Hamilton CAN"]
[Date "2022.07.10"]
[Round "5.3"]
[White "Wang, Lucas"]
[Black "Li, Oliver"]
[Result "1-0"]
[WhiteElo "1301"]
[BlackElo "1146"]
[PlyCount "67"]
[EventDate "2022.07.08"]
[EventType "swiss"]
[EventRounds "7"]
[EventCountry "CAN"]

1. d4 d5 2. Bf4 c5 3. e3 Nc6 4. Nf3 Nf6 5. c3 Qb6 6. Qc1 Bf5 7. Nbd2 e6 8. Be2
Be7 9. O-O O-O 10. Ne5 Rfe8 11. Ndf3 Ne4 12. Nxc6 Qxc6 13. Ne5 Qb6 14. Bh5 g6
15. Bg4 f6 16. Nd7 Qc6 17. Bxf5 exf5 18. Nxc5 Bxc5 19. dxc5 Qxc5 20. Qc2 Rad8
21. f3 Ng5 22. Kh1 d4 23. exd4 Rxd4 24. Qb3+ Rc4 25. Bd6 Qc6 26. Rad1 Kh8 27.
f4 Re2 28. Rg1 Ne4 29. Rdf1 Nf2+ 30. Rxf2 Rxf2 31. Be7 Re4 32. Qf7 Qe6 33. Qf8+
Qg8 34. Bxf6# 1-0

[Event "CYCC U08"]
[Site "Hamilton CAN"]
[Date "2022.07.10"]
[Round "5.4"]
[White "Yang, Andrew"]
[Black "Zhu, Edison"]
[Result "0-1"]
[WhiteElo "748"]
[BlackElo "1204"]
[PlyCount "108"]
[EventDate "2022.07.08"]
[EventType "swiss"]
[EventRounds "7"]
[EventCountry "CAN"]

1. c4 e5 2. Nc3 Nf6 3. Nf3 Nc6 4. e3 Be7 5. a3 O-O 6. b4 a6 7. Be2 h6 8. d3 Re8
9. Bd2 d5 10. cxd5 Nxd5 11. Nxd5 Qxd5 12. e4 Qd8 13. O-O Bf6 14. Be3 b6 15. Rc1
Bb7 16. Qc2 Rc8 17. Rfd1 Nd4 18. Bxd4 exd4 19. Rd2 c5 20. Qd1 Re6 21. Rdc2 Bc6
22. Rc4 Bb5 23. h3 Bxc4 24. Rxc4 cxb4 25. Rxb4 b5 26. a4 Be7 27. Rb1 b4 28. e5
Rec6 29. Nd2 Qc7 30. Nb3 Qxe5 31. Qd2 Bd6 32. g3 Rc3 33. f4 Qd5 34. Qd1 Rc2 35.
Bf3 Qe6 36. Nxd4 Qe3+ 37. Kh1 Qxd4 38. Bb7 Qf2 39. Qg1 Qxg1+ 40. Rxg1 Re8 41.
Rg2 Rxg2 42. Bxg2 b3 43. Bd5 b2 44. Ba2 Re1+ 45. Kg2 Ra1 46. Bc4 b1=Q 47. Kf3
Qd1+ 48. Ke4 Qe2+ 49. Kd5 Be7 50. Kc6 Rb1 51. Kd7 Qe3 52. h4 Qc5 53. Bxa6 Qd6+
54. Kc8 Qd8# 0-1

[Event "CYCC U08"]
[Site "Hamilton CAN"]
[Date "2022.07.10"]
[Round "5.5"]
[White "Zhang, Kai"]
[Black "Yang, Albert"]
[Result "1/2-1/2"]
[WhiteElo "850"]
[BlackElo "1149"]
[PlyCount "97"]
[EventDate "2022.07.08"]
[EventType "swiss"]
[EventRounds "7"]
[EventCountry "CAN"]

1. e4 e6 2. d4 d5 3. Nc3 Nf6 4. e5 Nfd7 5. Nf3 c5 6. dxc5 Bxc5 7. Bb5 Nc6 8.
O-O O-O 9. Bxc6 bxc6 10. Na4 Bb6 11. Nxb6 axb6 12. Re1 h6 13. Nd4 c5 14. Nb5 f6
15. exf6 Nxf6 16. Bf4 Ne8 17. Be5 Ba6 18. a4 Bxb5 19. axb5 Rxa1 20. Qxa1 Nf6
21. Qa7 Nd7 22. Qc7 Nxe5 23. Qxe5 Re8 24. Qg3 Qf6 25. h3 Qxb2 26. Qg6 Qxb5 27.
Rxe6 Qb1+ 28. Kh2 Rxe6 29. Qxe6+ Kf8 30. Qc8+ Ke7 31. Qb7+ Kd6 32. Qxg7 Qxc2
33. Qxh6+ Kc7 34. Qg7+ Kc6 35. Qf7 d4 36. Qe8+ Kb7 37. Qd7+ Ka6 38. Qc8+ Kb5
39. Qe8+ Kc4 40. Qe6+ Kc3 41. Qxb6 d3 42. Qxc5+ Kb2 43. Qb6+ Kc1 44. Qe3+ d2
45. f4 Kb1 46. Qb6+ Qb2 47. Qg1+ Kc2 48. Qf2 Kb1 49. Qf1+ 1/2-1/2

[Event "CYCC U08"]
[Site "Hamilton CAN"]
[Date "2022.07.10"]
[Round "5.6"]
[White "Ni, Harrison"]
[Black "Zhang, Finley"]
[Result "0-1"]
[WhiteElo "945"]
[BlackElo "953"]
[PlyCount "54"]
[EventDate "2022.07.08"]
[EventType "swiss"]
[EventRounds "7"]
[EventCountry "CAN"]

1. e4 c6 2. d4 d5 3. e5 Bf5 4. Nf3 e6 5. Nc3 c5 6. dxc5 Bxc5 7. Be3 Bxe3 8.
fxe3 Ne7 9. Bd3 Bxd3 10. cxd3 O-O 11. O-O Nbc6 12. d4 Nf5 13. Re1 f6 14. exf6
Qxf6 15. Qe2 Rae8 16. Rf1 e5 17. Nxd5 Qd6 18. Nc3 exd4 19. Nb5 Qf6 20. Qc4+ Kh8
21. Nfxd4 Nxe3 22. Rf2 Nxc4 23. Rc1 Nxd4 24. Rxc4 Nf3+ 25. gxf3 Qg6+ 26. Rg2
Qb1+ 27. Kf2 Qe1# 0-1

[Event "CYCC U08"]
[Site "Hamilton CAN"]
[Date "2022.07.10"]
[Round "5.10"]
[White "Xu, Samuel"]
[Black "Deng, Jeffrey"]
[Result "0-1"]
[WhiteElo "266"]
[BlackElo "431"]
[PlyCount "75"]
[EventDate "2022.07.08"]
[EventType "swiss"]
[EventRounds "7"]
[EventCountry "CAN"]

1. e4 e5 2. Nf3 Nc6 3. Bb5 d6 4. O-O a6 5. Bxc6+ bxc6 6. Nc3 Be7 7. d3 Be6 8.
Be3 Nf6 9. d4 exd4 10. Nxd4 O-O 11. Nxc6 Qd7 12. Nxe7+ Qxe7 13. Bg5 h6 14. Be3
Bd7 15. Nd5 Nxd5 16. exd5 Qe5 17. f4 Qxe3+ 18. Kh1 Qe8 19. Re1 Qd8 20. Qd4 Re8
21. Rxe8+ Qxe8 22. h3 Bf5 23. c4 Qe4 24. Qxe4 Bxe4 25. Re1 Bd3 26. b3 Kf8 27.
Re3 Bg6 28. g4 Re8 29. Rxe8+ Kxe8 30. f5 Bh7 31. a4 Ke7 32. b4 Kf6 33. b5 a5
34. c5 Ke7 35. cxd6+ Kxd6 36. h4 Kxd5 37. g5 Bxf5 38. Kg2 0-1

[Event "CYCC U08"]
[Site "Hamilton CAN"]
[Date "2022.07.10"]
[Round "6.1"]
[White "Zhu, Edison"]
[Black "Xu, Ryan"]
[Result "0-1"]
[WhiteElo "1204"]
[BlackElo "1565"]
[PlyCount "112"]
[EventDate "2022.07.08"]
[EventType "swiss"]
[EventRounds "7"]
[EventCountry "CAN"]

1. e4 c5 2. d4 cxd4 3. c3 Nf6 4. e5 Nd5 5. cxd4 d6 6. Bc4 e6 7. Nf3 Nc6 8. O-O
Be7 9. a3 O-O 10. Re1 a6 11. h3 dxe5 12. dxe5 Bc5 13. b4 Ba7 14. Bb2 Qb6 15.
Rf1 Rd8 16. Nbd2 Qc7 17. Qc2 b5 18. Bb3 h6 19. Rac1 Bb7 20. Ne4 Qd7 21. Nd6
Nce7 22. Rfd1 Ng6 23. Bxd5 Bxd5 24. Bd4 Bxf3 25. gxf3 Bxd4 26. Rxd4 Qe7 27. f4
h5 28. Qd2 Nh4 29. Qd3 g6 30. f3 Nf5 31. Nxf5 exf5 32. Rd1 Qa7 33. Kg2 Rxd4 34.
Qxd4 Qc7 35. Qd6 Qc2+ 36. Rd2 Qc4 37. Qd5 Rc8 38. Qxc4 Rxc4 39. Rd6 a5 40. bxa5
Ra4 41. a6 Rxa3 42. Rb6 b4 43. Rxb4 Rxa6 44. Kg3 Ra3 45. Rb2 Kf8 46. Rf2 Ke7
47. Kh4 f6 48. Rf1 Ra4 49. Kg3 h4+ 50. Kxh4 Rxf4+ 51. Kg3 fxe5 52. Re1 Kf6 53.
h4 Ra4 54. Re3 f4+ 55. Kf2 fxe3+ 56. Kxe3 Rxh4 0-1

[Event "CYCC U08"]
[Site "Hamilton CAN"]
[Date "2022.07.10"]
[Round "6.2"]
[White "Mutyalapati, Modith Aaroh"]
[Black "Narula, Japveer"]
[Result "1-0"]
[WhiteElo "1688"]
[BlackElo "1326"]
[PlyCount "55"]
[EventDate "2022.07.08"]
[EventType "swiss"]
[EventRounds "7"]
[EventCountry "CAN"]

1. e4 c5 2. Nf3 d6 3. d4 cxd4 4. Nxd4 Nf6 5. Nc3 a6 6. Bc4 Bg4 7. f3 Bh5 8. Be3
e6 9. O-O Be7 10. Bxe6 fxe6 11. Nxe6 Qa5 12. Nxg7+ Kf7 13. Nf5 Rd8 14. Nxe7
Kxe7 15. Nd5+ Nxd5 16. exd5 Kd7 17. Qd4 Rg8 18. Rae1 Bxf3 19. g3 Qxd5 20. Qf4
Bh1 21. Rf2 Nc6 22. Rd2 Qf3 23. Qxd6+ Kc8 24. Qe6+ Kc7 25. Rd7+ Kc8 26. Rg7+
Kb8 27. Qxg8+ Nd8 28. Qxd8# 1-0